000 00740nam a2200289Ia 4500
005 20260324113227.0
008 008 260324s9999 xx 000 0 eng d
020 _a9781003468769
037 _aEBOOK
040 _aCRL
040 _beng
040 _cCRL
041 _2eng
041 _aeng
084 _qCRL
100 _aMeagan Call-Cummings; Kristien Zenkov; Jeff Keller
_91145927
245 0 _aTalking Equity in Polarized Times
245 0 _bStories and Strategies from Teachers and Students
260 _bTaylor and Francis
260 _c2024
365 _a
365 _b98.99
856 _uhttp://www.taylorfrancis.com/books/9781003468769
942 _cEBOOK
999 _c1735466
_d1735466